Indonesian Cities-Sudden Death - Statistics

General Stats
  • This quiz has been taken 127 times
  • The average score is 11 of 16
Answers on the Grid
Answers color-coded by a green-red scale on the quiz's grid according to % correct below.
Jakarta
Bnadung
Yogyakarta
Surabaya
Banda Aceh
Makassar
Manado
Semarang
Bandar Lampung City
Jayapura
Kota Ambon
Medan
Palembang
Binjai
Samarinda City
Bontang
Kuala Lumpur
Singapore
Port Moresby
Dili
Kota Kinabalu
Bandar Seri Begawan
Manilla
Sibu
Bintulu
Madang
Shah Alam
George Town
Pattaya City
Yangon
Davao
Buka
 
Answer Stats
Answer % Correct
Banda Aceh
80%
Yogyakarta
80%
Palembang
76%
Jakarta
74%
Surabaya
74%
Jayapura
72%
Makassar
70%
Medan
70%
Manado
68%
Bandar Lampung City
66%
Semarang
66%
Samarinda City
64%
Bnadung
62%
Kota Ambon
62%
Binjai
60%
Bontang
48%
No matching quizzes found
Score Distribution
Percent of People with Each Score
Percentile by Number Answered
Your Score History
You have not taken this quiz